[Event "DRUGA LIGA SRBIJE-GRUPA VOJVODINA-2019."]
[Site "Kovacica"]
[Date "2019.11.06"]
[Round "8.1"]
[White "Hart, Alexander"]
[Black "Gajcin, Marina"]
[Result "0-1"]
[WhiteElo "1952"]
[BlackElo "2262"]
[PlyCount "98"]
[EventDate "2019.11.01"]
[WhiteTeam "SK Bora Ivkov Ban. N. Selo"]
[BlackTeam "Somborski SK Sombor"]

1. Nf3 Nf6 2. c4 g6 3. Nc3 d5 4. cxd5 Nxd5 5. e4 Nxc3 6. dxc3 Qxd1+ 7. Kxd1 f6
8. Be3 e5 9. Kc2 Nd7 10. a4 Bc5 11. Re1 a5 12. Nd2 Ke7 13. Bc4 Rd8 14. Re2 Bxe3
15. Rxe3 Nc5 16. b3 Bd7 17. Rd1 Bc6 18. f3 Rd6 19. Nb1 Rxd1 20. Kxd1 Be8 21.
Na3 c6 22. Kc2 Rb8 23. h3 b5 24. axb5 cxb5 25. Bd5 Rc8 26. Kb2 Kd6 27. g4 Bd7
28. c4 b4 29. Nb5+ Bxb5 30. cxb5 Kc7 31. h4 Kb6 32. Bc4 Rd8 33. Kc2 Rd4 34. g5
fxg5 35. hxg5 a4 36. Bg8 axb3+ 37. Kc1 Kxb5 38. Bxh7 Rd6 39. Bg8 Ka4 40. Bd5
Rd8 41. Kb2 Rh8 42. Bc6+ Ka5 43. f4 exf4 44. Rf3 Rh2+ 45. Kb1 Rd2 46. Bd5 Ka4
47. Bxb3+ Nxb3 48. Rf1 Ka3 49. Rxf4 Rb2# 0-1

[Event "DRUGA LIGA SRBIJE-GRUPA VOJVODINA-2019."]
[Site "Kovacica"]
[Date "2019.11.06"]
[Round "8.1"]
[White "Czebe, Attila"]
[Black "Milanovic, Stanko"]
[Result "1-0"]
[WhiteElo "2368"]
[BlackElo "2143"]
[PlyCount "117"]
[EventDate "2019.11.01"]
[WhiteTeam "Somborski SK Sombor"]
[BlackTeam "SK Bora Ivkov Ban. N. Selo"]

1. e4 e5 2. Nf3 Nc6 3. Nc3 Nf6 4. h3 Bb4 5. Bd3 O-O 6. O-O Re8 7. a3 Bf8 8. b4
d5 9. Re1 d4 10. Ne2 Nh5 11. c3 Qf6 12. b5 Nd8 13. cxd4 Bxh3 14. Nxe5 Rxe5 15.
dxe5 Qxe5 16. Bb2 Qxb2 17. Nc3 Nf4 18. Ra2 Nxd3 19. Rxb2 Nxb2 20. Qc2 Nc4 21.
gxh3 Ne6 22. Ne2 Nxa3 23. Qb3 a6 24. bxa6 Rxa6 25. Qxb7 Rd6 26. d4 Nc2 27. Rd1
Ncxd4 28. Nxd4 Nxd4 29. Kf1 Ne6 30. Rxd6 Bxd6 31. Qc8+ Nf8 32. Ke2 g6 33. Ke3
g5 34. h4 h6 35. hxg5 hxg5 36. Kd4 Bf4 37. Kd5 Kg7 38. Qa8 Nd7 39. Kc6 Nf8 40.
Qa1+ f6 41. Qa2 Bd6 42. Qd5 Be5 43. Kb7 Kh6 44. Kc8 g4 45. Qg8 Ng6 46. Kd7 g3
47. fxg3 Bxg3 48. Ke6 Be5 49. Kf7 Nf4 50. Qg4 c5 51. Qh4+ Nh5 52. Qg4 Nf4 53.
Qc8 Kg5 54. Qxc5 Kg4 55. Qe3 Kh4 56. Qf3 Kg5 57. Qg3+ Kh5 58. Kg8 Kh6 59. Qg4
1-0

[Event "DRUGA LIGA SRBIJE-GRUPA VOJVODINA-2019."]
[Site "Kovacica"]
[Date "2019.11.06"]
[Round "8.1"]
[White "Rajin, Milan"]
[Black "Bulajic, Ratko"]
[Result "0-1"]
[WhiteElo "1920"]
[BlackElo "2299"]
[PlyCount "56"]
[EventDate "2019.11.01"]
[WhiteTeam "SK Bora Ivkov Ban. N. Selo"]
[BlackTeam "Somborski SK Sombor"]

1. f4 c5 2. Nf3 g6 3. e3 Bg7 4. Be2 Nf6 5. O-O O-O 6. Nc3 a6 7. b3 b5 8. Bb2
Bb7 9. Ng5 h6 10. Nf3 Nd5 11. h4 e6 12. Rb1 Nf6 13. Qe1 Nc6 14. Nh2 d5 15. Bf3
h5 16. a3 Rb8 17. Ne2 Re8 18. g4 hxg4 19. Bxg4 Nxg4 20. Nxg4 Bxb2 21. Rxb2 Kg7
22. Rf3 Ne7 23. Rh3 Nf5 24. d4 Rh8 25. dxc5 d4 26. c4 dxe3 27. Qc3+ f6 28. cxb5
Qd1+ 0-1

[Event "DRUGA LIGA SRBIJE-GRUPA VOJVODINA-2019."]
[Site "Kovacica"]
[Date "2019.11.06"]
[Round "8.1"]
[White "Tancik, Kristijan"]
[Black "Zivkovic, Milan B"]
[Result "1-0"]
[WhiteElo "2260"]
[BlackElo "2046"]
[PlyCount "75"]
[EventDate "2019.11.01"]
[WhiteTeam "Somborski SK Sombor"]
[BlackTeam "SK Bora Ivkov Ban. N. Selo"]

1. d4 Nf6 2. c4 e6 3. Nc3 d5 4. Nf3 Nc6 5. Bg5 Be7 6. e3 h6 7. Bh4 O-O 8. Be2
dxc4 9. Bxc4 Nd5 10. Bg3 Bd6 11. O-O Nce7 12. e4 Bxg3 13. hxg3 Nf6 14. Rc1 c6
15. e5 Nfd5 16. Ne4 Bd7 17. Qd2 Rb8 18. g4 Ng6 19. g5 h5 20. g3 Kh7 21. Kg2 Rh8
22. Rh1 Kg8 23. Rh2 b5 24. Bb3 a5 25. Rch1 a4 26. Bc2 b4 27. Bxa4 c5 28. Bxd7
Qxd7 29. Nxc5 Qa7 30. Rxh5 Rxh5 31. Rxh5 Rd8 32. Ne4 Qxa2 33. Nd6 Qa6 34. Nh4
Nge7 35. Kh2 b3 36. Qd1 Qa2 37. Qf3 Rf8 38. g6 1-0

[Event "DRUGA LIGA SRBIJE-GRUPA VOJVODINA-2019."]
[Site "Kovacica"]
[Date "2019.11.06"]
[Round "8.1"]
[White "Njamcul, Dragan"]
[Black "Dekic, Josip"]
[Result "0-1"]
[WhiteElo "2320"]
[BlackElo "2254"]
[PlyCount "46"]
[EventDate "2019.11.01"]
[WhiteTeam "SK Bora Ivkov Ban. N. Selo"]
[BlackTeam "Somborski SK Sombor"]

1. d4 Nf6 2. c4 g6 3. Nc3 d5 4. cxd5 Nxd5 5. e4 Nxc3 6. bxc3 Bg7 7. Bc4 c5 8.
Ne2 O-O 9. O-O Nc6 10. Be3 Bd7 11. Qd2 a6 12. Bh6 cxd4 13. Bxg7 Kxg7 14. cxd4
b5 15. Bd3 Qa5 16. Qg5 f6 17. Qe3 e5 18. f4 Qb6 19. Kh1 exd4 20. Qg3 f5 21. Qg5
Qd8 22. Qg3 Qe7 23. Rad1 fxe4 0-1

[Event "DRUGA LIGA SRBIJE-GRUPA VOJVODINA-2019."]
[Site "Kovacica"]
[Date "2019.11.06"]
[Round "8.1"]
[White "Tokovic, Svetozar"]
[Black "Mik, Aurel"]
[Result "1-0"]
[WhiteElo "2227"]
[BlackElo "2039"]
[PlyCount "61"]
[EventDate "2019.11.01"]
[WhiteTeam "Somborski SK Sombor"]
[BlackTeam "SK Bora Ivkov Ban. N. Selo"]

1. e4 e5 2. Bc4 Nc6 3. Nf3 Be7 4. c3 Nf6 5. Qe2 d6 6. O-O Bg4 7. h3 Bh5 8. d3
a6 9. Bb3 O-O 10. Nbd2 Nd7 11. Re1 Bg6 12. Nf1 Kh8 13. g4 Nc5 14. Bd5 Ne6 15.
Ng3 Rb8 16. Nf5 Bxf5 17. exf5 Ng5 18. Bxg5 Bxg5 19. Kg2 Bf4 20. d4 exd4 21.
Bxc6 bxc6 22. Nxd4 Rb6 23. Qe4 Bg5 24. Re2 c5 25. Nf3 h5 26. h4 d5 27. Qc2 Bf4
28. g5 Re8 29. Rae1 Rxe2 30. Rxe2 Kg8 31. Qa4 1-0

[Event "DRUGA LIGA SRBIJE-GRUPA VOJVODINA-2019."]
[Site "Kovacica"]
[Date "2019.11.06"]
[Round "8.4"]
[White "Sahin, Ozgun"]
[Black "Dedebas, Emre Emin"]
[Result "1/2-1/2"]
[WhiteElo "2258"]
[BlackElo "2345"]
[PlyCount "49"]
[EventDate "2019.11.01"]
[WhiteTeam "SK Kraljica PTT Petrovaradin"]
[BlackTeam "SK Vojvodina Novi Sad"]

1. e4 e6 2. d4 d5 3. exd5 exd5 4. Bd3 Nc6 5. c3 Bd6 6. Qf3 Be6 7. Ne2 Qd7 8.
Bf4 Be7 9. Nd2 O-O-O 10. h4 Nf6 11. Qe3 Ng4 12. Qg3 f6 13. Nb3 g5 14. Bd2 Bd6
15. f4 gxh4 16. Qxh4 h5 17. O-O-O Ne7 18. Nc5 Bxc5 19. dxc5 Bf5 20. Be1 Bxd3
21. Rxd3 Nf5 22. Qh3 Qb5 23. Qf3 Qxc5 24. Nd4 Nxd4 25. Rxd4 1/2-1/2

[Event "DRUGA LIGA SRBIJE-GRUPA VOJVODINA-2019."]
[Site "Kovacica"]
[Date "2019.11.06"]
[Round "8.4"]
[White "Banovic, Ivan"]
[Black "Dragojlovic, Andjelko"]
[Result "1/2-1/2"]
[WhiteElo "2218"]
[BlackElo "2277"]
[PlyCount "22"]
[EventDate "2019.11.01"]
[WhiteTeam "SK Kraljica PTT Petrovaradin"]
[BlackTeam "SK Vojvodina Novi Sad"]

1. d4 Nf6 2. c4 e6 3. Nc3 Bb4 4. Qc2 c5 5. dxc5 O-O 6. a3 Bxc5 7. Nf3 b6 8. Bf4
Bb7 9. Rd1 d5 10. cxd5 exd5 11. e3 Nbd7 1/2-1/2

[Event "DRUGA LIGA SRBIJE-GRUPA VOJVODINA-2019."]
[Site "Kovacica"]
[Date "2019.11.06"]
[Round "8.4"]
[White "Djacanin, Goran"]
[Black "Pajcin, Lav"]
[Result "1/2-1/2"]
[WhiteElo "2205"]
[BlackElo "2160"]
[PlyCount "49"]
[EventDate "2019.11.01"]
[WhiteTeam "SK Vojvodina Novi Sad"]
[BlackTeam "SK Kraljica PTT Petrovaradin"]

1. e4 c5 2. d4 cxd4 3. c3 g6 4. cxd4 d5 5. e5 Bg7 6. Nc3 Nc6 7. h3 a6 8. Nf3
Bf5 9. Be3 Rc8 10. Be2 e6 11. g4 Be4 12. Nxe4 dxe4 13. Ng5 Qa5+ 14. Kf1 Rd8 15.
Qb3 Nxd4 16. Bxd4 Rxd4 17. Qxb7 Ne7 18. Qa8+ Rd8 19. Qxa6 Qxe5 20. Qb5+ Qxb5
21. Bxb5+ Kf8 22. Nxe4 Bxb2 23. Rb1 Bd4 24. Kg2 Kg7 25. Rhd1 1/2-1/2

[Event "DRUGA LIGA SRBIJE-GRUPA VOJVODINA-2019."]
[Site "Kovacica"]
[Date "2019.11.06"]
[Round "8.4"]
[White "Radanovic, Aleksandar"]
[Black "Ilincic, Aleksa"]
[Result "0-1"]
[WhiteElo "2173"]
[BlackElo "2168"]
[PlyCount "98"]
[EventDate "2019.11.01"]
[WhiteTeam "SK Kraljica PTT Petrovaradin"]
[BlackTeam "SK Vojvodina Novi Sad"]

1. e4 c6 2. d4 d5 3. e5 Bf5 4. Ne2 e6 5. Ng3 Bg6 6. h4 h5 7. Be2 c5 8. c3 Nc6
9. Na3 cxd4 10. cxd4 Bxa3 11. bxa3 Qa5+ 12. Kf1 Qc3 13. Be3 Bc2 14. Rc1 Bxd1
15. Rxc3 Bxe2+ 16. Kxe2 Nge7 17. Rb1 Rb8 18. Kd3 Kd7 19. Ne2 Na5 20. Rc5 Nc4
21. a4 b6 22. Rxc4 dxc4+ 23. Kxc4 Nd5 24. Bd2 Rhc8+ 25. Kd3 a6 26. a3 f5 27.
exf6 gxf6 28. g3 a5 29. Bf4 Ra8 30. Rb5 Rc6 31. Bd2 Rac8 32. Nf4 Nxf4+ 33. Bxf4
f5 34. Ke2 Rc4 35. Rxb6 Rxd4 36. Ra6 Rxa4 37. Ra7+ Kc6 38. Ra6+ Kb5 39. Rxe6
Re4+ 40. Rxe4 fxe4 41. Bd6 Rc3 42. Be7 Rd3 43. Bf8 Kc6 44. Be7 Rf3 45. Bd8 Rxa3
46. g4 hxg4 47. h5 a4 48. h6 Rh3 49. Bg5 a3 0-1

[Event "DRUGA LIGA SRBIJE-GRUPA VOJVODINA-2019."]
[Site "Kovacica"]
[Date "2019.11.06"]
[Round "8.4"]
[White "Stikovic, Dobrica"]
[Black "Petrovic, Nikola V"]
[Result "1-0"]
[WhiteElo "2146"]
[BlackElo "2069"]
[PlyCount "117"]
[EventDate "2019.11.01"]
[WhiteTeam "SK Vojvodina Novi Sad"]
[BlackTeam "SK Kraljica PTT Petrovaradin"]

1. d4 d5 2. c4 e6 3. Nc3 Nf6 4. cxd5 exd5 5. Bg5 Be7 6. e3 c6 7. Bd3 O-O 8. Qc2
Nbd7 9. Nge2 Re8 10. O-O Nf8 11. f3 c5 12. Rae1 g6 13. Nf4 cxd4 14. exd4 Ne6
15. Nxe6 Bxe6 16. Qf2 Nh5 17. Bxe7 Rxe7 18. Qh4 Re8 19. Qxd8 Raxd8 20. g3 f5
21. Re5 Kf7 22. Rfe1 Nf6 23. Nb5 Re7 24. Nxa7 Nd7 25. R5e2 Ra8 26. Nb5 Rxa2 27.
Nc7 Nf8 28. Nxd5 Rd7 29. Nc3 Rxd4 30. Nxa2 Bxa2 31. Bb1 Bd5 32. Re7+ Kf6 33.
Kf2 h5 34. R7e3 Bc6 35. Rd3 Rxd3 36. Bxd3 Ne6 37. Ke3 g5 38. f4 Nc5 39. Bc4 Be4
40. Kd4 Nd7 41. Bd5 Bxd5 42. Kxd5 Nb6+ 43. Kd4 Nd7 44. b4 Nf8 45. Kd5 gxf4 46.
gxf4 Ng6 47. Re6+ Kf7 48. Rxg6 Kxg6 49. Kd6 h4 50. h3 Kf6 51. b5 b6 52. Kd7 Kf7
53. Kc6 Ke6 54. Kxb6 Kd5 55. Ka5 Ke4 56. b6 Kxf4 57. b7 Kg3 58. b8=Q+ Kxh3 59.
Qf4 1-0

[Event "DRUGA LIGA SRBIJE-GRUPA VOJVODINA-2019."]
[Site "Kovacica"]
[Date "2019.11.06"]
[Round "8.5"]
[White "Petrusic, Velimir"]
[Black "Rogac, Srdjan"]
[Result "0-1"]
[WhiteElo "2110"]
[BlackElo "2332"]
[PlyCount "50"]
[EventDate "2019.11.01"]
[WhiteTeam "SK Sloga Indjija"]
[BlackTeam "SK Mladenovo Mladenovo"]

1. d4 Nf6 2. Bg5 g6 3. Nd2 Bg7 4. e4 d6 5. Ngf3 O-O 6. c3 c5 7. dxc5 dxc5 8.
Bc4 Nc6 9. Qe2 Na5 10. Bd3 h6 11. Bf4 Nh5 12. Be3 Qc7 13. O-O Nf4 14. Bxf4 Qxf4
15. e5 Nc6 16. Rfe1 Be6 17. h3 Rad8 18. g3 Qa4 19. Bb5 Qc2 20. Bxc6 bxc6 21.
Nb3 Qxe2 22. Rxe2 Bxh3 23. Nfd2 Bg4 24. Re4 Be6 25. f4 Rd3 0-1

[Event "DRUGA LIGA SRBIJE-GRUPA VOJVODINA-2019."]
[Site "Kovacica"]
[Date "2019.11.06"]
[Round "8.5"]
[White "Grujic, Zoran"]
[Black "Marceta, Dimitrije"]
[Result "1-0"]
[WhiteElo "2335"]
[BlackElo "1766"]
[PlyCount "95"]
[EventDate "2019.11.01"]
[WhiteTeam "SK Mladenovo Mladenovo"]
[BlackTeam "SK Sloga Indjija"]

1. Nf3 g6 2. d4 Nf6 3. c4 Bg7 4. Nc3 O-O 5. e4 d6 6. Be2 e5 7. Be3 Ng4 8. Bg5
f6 9. Bc1 Nc6 10. d5 Ne7 11. h3 Nh6 12. h4 Nf7 13. h5 g5 14. Qc2 h6 15. g4 Bd7
16. Nh2 a6 17. Be3 b6 18. O-O Qb8 19. b4 a5 20. a3 axb4 21. axb4 Rxa1 22. Rxa1
Nc8 23. Nf1 Rd8 24. Nd2 Bf8 25. f3 Qb7 26. Qa2 c6 27. dxc6 Bxc6 28. b5 Be8 29.
Nd5 Kg7 30. Qa6 Rd7 31. Nxb6 Nxb6 32. Qxb6 Nd8 33. Nb1 Bf7 34. Nc3 Qxb6 35.
Bxb6 Be6 36. Nd5 Kf7 37. Be3 Rb7 38. Ra6 Bxd5 39. cxd5 Ke7 40. b6 Kd7 41. Bb5+
Kc8 42. Bc6 Rb8 43. Ra7 Nb7 44. Kf1 Be7 45. Ke2 Bd8 46. Kd3 Nc5+ 47. Bxc5 dxc5
48. Bd7# 1-0

[Event "DRUGA LIGA SRBIJE-GRUPA VOJVODINA-2019."]
[Site "Kovacica"]
[Date "2019.11.06"]
[Round "8.5"]
[White "Parkajic, Branislav"]
[Black "Parezanin, Darko"]
[Result "1/2-1/2"]
[WhiteElo "1922"]
[BlackElo "2221"]
[PlyCount "113"]
[EventDate "2019.11.01"]
[WhiteTeam "SK Sloga Indjija"]
[BlackTeam "SK Mladenovo Mladenovo"]

1. Nf3 Nf6 2. b3 d5 3. Bb2 Bf5 4. e3 e6 5. c4 Be7 6. Nc3 c6 7. d4 Nbd7 8. Bd3
Bg6 9. Bxg6 hxg6 10. O-O Qa5 11. cxd5 exd5 12. Qe2 Ne4 13. Nxe4 dxe4 14. Ne5
Qd5 15. Nxd7 Qxd7 16. f3 Bd6 17. g3 Qe6 18. fxe4 Qxe4 19. Qf3 Qxf3 20. Rxf3 f6
21. e4 O-O-O 22. Kg2 Rhe8 23. Re1 Bc7 24. Rd3 g5 25. Kf3 f5 26. Re2 g4+ 27. Kg2
g5 28. h3 gxh3+ 29. Kxh3 Re6 30. Kg2 fxe4 31. Rde3 Rde8 32. Rc3 g4 33. Bc1 Rf6
34. Rf2 Rf3 35. Re3 Bb6 36. Rfe2 Bxd4 37. Rxe4 Rxe4 38. Rxe4 Rf2+ 39. Kh1 Rf1+
40. Kg2 Rg1+ 41. Kh2 Rxc1 42. Rxd4 Rc2+ 43. Kg1 Rxa2 44. b4 a5 45. bxa5 Rxa5
46. Rxg4 Rd5 47. Kf2 b5 48. Rb4 Kd7 49. g4 Rd3 50. g5 Ke6 51. Rf4 c5 52. Rf6+
Ke5 53. Rb6 b4 54. g6 Rd7 55. Ke3 Re7 56. Kd3 Re6 57. g7 1/2-1/2

[Event "DRUGA LIGA SRBIJE-GRUPA VOJVODINA-2019."]
[Site "Kovacica"]
[Date "2019.11.06"]
[Round "8.5"]
[White "Krejic, Igor"]
[Black "Muskinja, Luka"]
[Result "0-1"]
[WhiteElo "2229"]
[BlackElo "1810"]
[PlyCount "94"]
[EventDate "2019.11.01"]
[WhiteTeam "SK Mladenovo Mladenovo"]
[BlackTeam "SK Sloga Indjija"]

1. e4 c5 2. c3 g6 3. d4 cxd4 4. cxd4 d5 5. Nc3 dxe4 6. Bc4 Nc6 7. Qb3 e6 8. d5
Nd4 9. Qd1 Bg7 10. Nge2 Nxe2 11. Qxe2 Bxc3+ 12. bxc3 exd5 13. Bb3 Be6 14. O-O
Ne7 15. f3 Qd7 16. fxe4 dxe4 17. Qxe4 O-O-O 18. Bg5 Rhe8 19. Ba4 Nc6 20. Qh4
Qd5 21. Bxd8 Rxd8 22. Qf2 Qd2 23. Bxc6 Qxf2+ 24. Kxf2 bxc6 25. Rfd1 Bd5 26. Rd4
c5 27. Rd2 Be6 28. Rxd8+ Kxd8 29. Ke3 Kc7 30. Kf4 Kc6 31. Ke5 Kb5 32. Kd6 a5
33. a4+ Kc4 34. Kc6 Bd5+ 35. Kb6 Bxg2 36. Rc1 f5 37. Kxa5 f4 38. Kb6 f3 39. Rc2
Kd3 40. Ra2 Ke3 41. Kxc5 f2 42. Rxf2 Kxf2 43. c4 g5 44. Kb6 g4 45. c5 Kg1 46.
c6 Bxc6 47. Kxc6 Kxh2 0-1

[Event "DRUGA LIGA SRBIJE-GRUPA VOJVODINA-2019."]
[Site "Kovacica"]
[Date "2019.11.06"]
[Round "8.5"]
[White "Volarov, Damir"]
[Black "Majstorovic, Stanko"]
[Result "1/2-1/2"]
[WhiteElo "2076"]
[BlackElo "2078"]
[PlyCount "130"]
[EventDate "2019.11.01"]
[WhiteTeam "SK Mladenovo Mladenovo"]
[BlackTeam "SK Sloga Indjija"]

1. Nf3 Nf6 2. c4 g6 3. d4 Bg7 4. Nc3 d5 5. g3 O-O 6. Qb3 dxc4 7. Qxc4 c6 8. Bg2
Nbd7 9. O-O Nb6 10. Qd3 h6 11. Rd1 Be6 12. e4 Qc8 13. b3 Rd8 14. Ba3 Qc7 15.
Rac1 a6 16. Qe2 Bg4 17. h3 Bxf3 18. Qxf3 h5 19. Qe2 Bh6 20. Rc2 Rac8 21. e5
Nfd5 22. Ne4 Nd7 23. Bc1 Bxc1 24. Rcxc1 Nf8 25. h4 Qb6 26. Bh3 Ra8 27. Ng5 Nh7
28. Ne4 a5 29. Qf3 a4 30. g4 hxg4 31. Qxg4 axb3 32. axb3 Nc7 33. h5 Kg7 34. Nc5
g5 35. Qe4 e6 36. Rd3 Nb5 37. Kh1 Kh8 38. f4 gxf4 39. Qxf4 Qc7 40. Rg1 Rg8 41.
Rdg3 Rxg3 42. Qxg3 f6 43. Bxe6 Ng5 44. Qf4 Nh7 45. Qg4 Ng5 46. exf6 Nxe6 47.
Nxe6 Qf7 48. Qg6 Nd6 49. Qh6+ Qh7 50. Qg7+ Qxg7 51. fxg7+ Kh7 52. Rg3 Nf5 53.
Ng5+ Kg8 54. h6 Nxh6 55. Rh3 Kxg7 56. Rg3 Kf6 57. Ne4+ Ke6 58. Rd3 b6 59. Kg2
Rf8 60. Rf3 Rh8 61. Kf2 Rh7 62. Nd2 Kd5 63. Ke3 Ke6 64. Rg3 c5 65. dxc5 bxc5 {
...78 mvs} 1/2-1/2

[Event "DRUGA LIGA SRBIJE-GRUPA VOJVODINA-2019."]
[Site "Kovacica"]
[Date "2019.11.06"]
[Round "8.6"]
[White "Jotic, Vladimir"]
[Black "Farkas, Tibor"]
[Result "1-0"]
[WhiteElo "2288"]
[BlackElo "2274"]
[PlyCount "69"]
[EventDate "2019.11.01"]
[WhiteTeam "SK Polet Rastina"]
[BlackTeam "SK Backa Pacir"]

1. e4 c5 2. Nc3 a6 3. g3 b5 4. Bg2 Bb7 5. Nge2 b4 6. Na4 e6 7. d4 cxd4 8. Qxd4
Nc6 9. Qd1 d6 10. O-O Nf6 11. a3 bxa3 12. b3 Be7 13. Bxa3 O-O 14. e5 Ne8 15.
exd6 Nxd6 16. Nc5 Qc7 17. Nxb7 Nxb7 18. Bxc6 Rfd8 19. Qb1 Qxc6 20. Bxe7 Rd2 21.
Nf4 Rxc2 22. Rc1 Rxc1+ 23. Qxc1 Qd7 24. Bf6 gxf6 25. Nh5 Qd3 26. Ra4 Kh8 27.
Nxf6 Rd8 28. Qg5 Qf3 29. Rd4 Rc8 30. Rg4 Rc1+ 31. Qxc1 Qxf6 32. Qc6 Qe7 33.
Qc8+ Qd8 34. Qxd8+ Nxd8 35. Ra4 1-0

[Event "DRUGA LIGA SRBIJE-GRUPA VOJVODINA-2019."]
[Site "Kovacica"]
[Date "2019.11.06"]
[Round "8.6"]
[White "Arbutina, Sinisa"]
[Black "Stocko, Josip"]
[Result "1-0"]
[WhiteElo "2323"]
[BlackElo "2281"]
[PlyCount "71"]
[EventDate "2019.11.01"]
[WhiteTeam "SK Backa Pacir"]
[BlackTeam "SK Polet Rastina"]

1. d4 Nf6 2. Nf3 e6 3. Bf4 d5 4. e3 c5 5. c3 Nc6 6. Nbd2 cxd4 7. exd4 Nh5 8.
Bg5 f6 9. Be3 Bd6 10. g3 O-O 11. Bg2 f5 12. Ng5 Nf6 13. Nh3 Ne7 14. Bf4 Ng6 15.
Bxd6 Qxd6 16. O-O Bd7 17. Re1 h6 18. Nb3 b6 19. Nc1 Ne4 20. f3 Nf6 21. Nd3 Nh8
22. Ne5 g5 23. Qd2 Nf7 24. Nf2 Qc7 25. Nfd3 Nd6 26. h4 Nh7 27. hxg5 hxg5 28.
Kf2 Bb5 29. Rh1 Bxd3 30. Qxd3 Ne4+ 31. Kg1 Nxg3 32. Rh3 f4 33. Qg6+ Kh8 34.
Qxe6 Rfe8 35. Nf7+ Kg7 36. Qh6+ 1-0

[Event "DRUGA LIGA SRBIJE-GRUPA VOJVODINA-2019."]
[Site "Kovacica"]
[Date "2019.11.06"]
[Round "8.6"]
[White "Popovic, Milos T"]
[Black "Vidic, Stevan"]
[Result "1/2-1/2"]
[WhiteElo "2369"]
[BlackElo "2267"]
[PlyCount "38"]
[EventDate "2019.11.01"]
[WhiteTeam "SK Polet Rastina"]
[BlackTeam "SK Backa Pacir"]

1. d4 d5 2. Bf4 Nf6 3. e3 e6 4. Bd3 Bd6 5. Bg3 b6 6. Nf3 Bb7 7. Ne5 O-O 8. Bh4
Be7 9. Bxf6 Bxf6 10. f4 Bxe5 11. fxe5 Qh4+ 12. g3 Qh3 13. Qe2 c5 14. c3 f6 15.
exf6 Rxf6 16. Nd2 Nc6 17. Nf3 Qg4 18. O-O Raf8 19. Kg2 c4 1/2-1/2

[Event "DRUGA LIGA SRBIJE-GRUPA VOJVODINA-2019."]
[Site "Kovacica"]
[Date "2019.11.06"]
[Round "8.6"]
[White "Jesenski, Tibor"]
[Black "Sljukic, Miodrag"]
[Result "1-0"]
[WhiteElo "2279"]
[BlackElo "2188"]
[PlyCount "53"]
[EventDate "2019.11.01"]
[WhiteTeam "SK Backa Pacir"]
[BlackTeam "SK Polet Rastina"]

1. d4 Nf6 2. Nf3 e6 3. c4 b6 4. Bg5 Bb7 5. Nc3 d5 6. cxd5 exd5 7. e3 Be7 8. Bd3
O-O 9. O-O Nbd7 10. Qc2 c5 11. Rad1 Re8 12. Ne5 c4 13. Bf5 g6 14. Bh3 a6 15. f4
Qc7 16. Qf2 b5 17. Qh4 Qd6 18. Bxd7 Nxd7 19. Nxf7 Bxg5 20. fxg5 Qe6 21. Rf3 Re7
22. Nh6+ Kg7 23. Ng4 Rf8 24. Qh6+ Kg8 25. Rxf8+ Nxf8 26. Nf6+ Kf7 27. e4 1-0

[Event "DRUGA LIGA SRBIJE-GRUPA VOJVODINA-2019."]
[Site "Kovacica"]
[Date "2019.11.06"]
[Round "8.6"]
[White "Babic, Damir M"]
[Black "Kecskemeti, Arpad"]
[Result "1/2-1/2"]
[WhiteElo "2103"]
[BlackElo "2240"]
[PlyCount "23"]
[EventDate "2019.11.01"]
[WhiteTeam "SK Polet Rastina"]
[BlackTeam "SK Backa Pacir"]

1. d4 Nf6 2. c4 g6 3. Nc3 Bg7 4. e4 d6 5. f4 O-O 6. Nf3 Nbd7 7. Bd3 c5 8. d5 e6
9. O-O exd5 10. cxd5 Re8 11. Kh1 a6 12. a4 1/2-1/2

[Event "DRUGA LIGA SRBIJE-GRUPA VOJVODINA-2019."]
[Site "Kovacica"]
[Date "2019.11.06"]
[Round "8.2"]
[White "Csizik, Karoly"]
[Black "Pastar, Slaven"]
[Result "0-1"]
[WhiteElo "1903"]
[BlackElo "2280"]
[PlyCount "82"]
[EventDate "2019.11.01"]
[WhiteTeam "SK Senta Senta"]
[BlackTeam "SK Bata Cosic Opovo"]

1. e4 e6 2. d4 b6 3. Bd3 Bb7 4. Nf3 c5 5. c3 Nf6 6. Bg5 h6 7. Bxf6 Qxf6 8. O-O
Qd8 9. Nbd2 d6 10. e5 d5 11. a3 c4 12. Bc2 b5 13. g3 Be7 14. Ne1 h5 15. Ng2 Nc6
16. Nf4 g6 17. Ng2 Qb6 18. f4 a5 19. Qf3 Nxd4 20. cxd4 Qxd4+ 21. Qf2 Bc5 22.
Qxd4 Bxd4+ 23. Kh1 Bxb2 24. Rab1 Bc3 25. Rxb5 Ba6 26. Nb1 Bxb5 27. Nxc3 Bd7 28.
Ba4 Rb8 29. Bxd7+ Kxd7 30. a4 Rb2 31. Ra1 Kc6 32. Nb5 Kc5 33. Ne3 h4 34. Nd1
Rd2 35. g4 h3 36. Rb1 Rb8 37. Ndc3 Rf2 38. f5 gxf5 39. gxf5 Rxf5 40. Re1 Rf2
41. Kg1 Rc2 0-1

[Event "DRUGA LIGA SRBIJE-GRUPA VOJVODINA-2019."]
[Site "Kovacica"]
[Date "2019.11.06"]
[Round "8.2"]
[White "Milenkovic, Mladen"]
[Black "Balla, Tamas-Kristof"]
[Result "1/2-1/2"]
[WhiteElo "2304"]
[BlackElo "2348"]
[PlyCount "40"]
[EventDate "2019.11.01"]
[WhiteTeam "SK Bata Cosic Opovo"]
[BlackTeam "SK Senta Senta"]

1. e4 g6 2. d4 Bg7 3. Nc3 c6 4. f4 d5 5. e5 Nh6 6. Nf3 Bg4 7. Bd3 Qb6 8. Na4
Bxf3 9. gxf3 Qa5+ 10. c3 Nd7 11. b4 Qd8 12. Nc5 b6 13. Nxd7 Qxd7 14. h4 Nf5 15.
Qc2 h5 16. Bxf5 Qxf5 17. Qxf5 gxf5 18. a4 a5 19. Ke2 Kd7 20. Bd2 Ra6 1/2-1/2

[Event "DRUGA LIGA SRBIJE-GRUPA VOJVODINA-2019."]
[Site "Kovacica"]
[Date "2019.11.06"]
[Round "8.2"]
[White "Kopasz, Robert"]
[Black "Kosanovic, Dragan"]
[Result "1/2-1/2"]
[WhiteElo "2351"]
[BlackElo "2280"]
[PlyCount "83"]
[EventDate "2019.11.01"]
[WhiteTeam "SK Senta Senta"]
[BlackTeam "SK Bata Cosic Opovo"]

1. e4 e6 2. d4 d5 3. Nd2 dxe4 4. Nxe4 Nf6 5. Bd3 Nbd7 6. Nf3 c5 7. O-O Be7 8.
c3 O-O 9. Nxc5 Nxc5 10. dxc5 Bxc5 11. Bg5 h6 12. Bh4 b6 13. Qe2 Bb7 14. Rad1
Qc7 15. Bxf6 gxf6 16. Be4 Rfd8 17. Bxb7 Qxb7 18. Rd3 Rxd3 19. Qxd3 Be7 20. Qe3
Kg7 21. Rd1 Rd8 22. Rxd8 Bxd8 23. Qd4 Be7 24. a3 Qc6 25. Ne1 Qd6 26. Nc2 Kf8
27. h3 Qe5 28. Kf1 Qf5 29. Ne1 Qb1 30. Qd2 h5 31. Qc2 Qxc2 32. Nxc2 Ke8 33. Ke2
f5 34. Kd3 Kd7 35. Kc4 a6 36. a4 Bc5 37. f3 Kc6 38. b4 Bf2 39. Nd4+ Bxd4 40.
Kxd4 Kd6 41. g3 e5+ 42. Ke3 1/2-1/2

[Event "DRUGA LIGA SRBIJE-GRUPA VOJVODINA-2019."]
[Site "Kovacica"]
[Date "2019.11.06"]
[Round "8.2"]
[White "Milojevic, Dusan"]
[Black "Vranic, Ljubomir"]
[Result "1/2-1/2"]
[WhiteElo "2244"]
[BlackElo "2211"]
[PlyCount "97"]
[EventDate "2019.11.01"]
[WhiteTeam "SK Bata Cosic Opovo"]
[BlackTeam "SK Senta Senta"]

1. e4 d6 2. Bc4 Nf6 3. d3 e6 4. Bb3 Nbd7 5. c3 d5 6. exd5 exd5 7. Nf3 Bd6 8.
O-O O-O 9. Bg5 c6 10. Re1 Nc5 11. Bc2 Bg4 12. h3 Bh5 13. Nbd2 Ne6 14. Be3 Nd7
15. d4 Bg6 16. Nf1 Bxc2 17. Qxc2 Re8 18. Re2 Qf6 19. Rae1 Qg6 20. Qb3 b5 21.
Bc1 Nb6 22. Qd1 a5 23. N1h2 Nc7 24. Ng4 f6 25. Nh4 Qf7 26. Nf5 Bf8 27. Bf4 Ne6
28. Nd6 Bxd6 29. Bxd6 Nc4 30. Bg3 a4 31. Rxe6 Rxe6 32. Nh6+ gxh6 33. Qg4+ Kf8
34. Qxe6 Re8 35. Bd6+ Nxd6 36. Qxd6+ Kg7 37. Qg3+ Kh8 38. Re3 Rxe3 39. Qxe3 Kg7
40. Qg3+ Kf8 41. Qd6+ Qe7 42. Qxe7+ Kxe7 43. Kh2 Kd6 44. a3 Ke6 45. Kg3 Kf5 46.
f3 h5 47. Kh4 Kg6 48. g4 hxg4 49. hxg4 1/2-1/2

[Event "DRUGA LIGA SRBIJE-GRUPA VOJVODINA-2019."]
[Site "Kovacica"]
[Date "2019.11.06"]
[Round "8.2"]
[White "Simonyi, Zoltan"]
[Black "Vlajkovic, Goran"]
[Result "1-0"]
[WhiteElo "2149"]
[BlackElo "2175"]
[PlyCount "59"]
[EventDate "2019.11.01"]
[WhiteTeam "SK Senta Senta"]
[BlackTeam "SK Bata Cosic Opovo"]

1. d4 d5 2. Bf4 c5 3. e3 e6 4. c3 Qb6 5. Qc2 Nf6 6. Nd2 Nc6 7. Ngf3 Be7 8. h3
Bd7 9. Bd3 Rc8 10. Qb1 Na5 11. dxc5 Qxc5 12. b4 Qxc3 13. bxa5 Ne4 14. Bb5 Bb4
15. Bxd7+ Kxd7 16. O-O Nxd2 17. Nxd2 Qxd2 18. Rd1 Qc3 19. e4 Qc4 20. a3 Bd6 21.
Bxd6 Kxd6 22. exd5 exd5 23. Qxb7 Rc7 24. Qb2 Qc3 25. Qe2 Re7 26. Qa6+ Ke5 27.
Rac1 Qxa3 28. Rc6 h5 29. Qe2+ Kf4 30. g3+ 1-0